| 000 | 00490nam a22001817a 4500 | ||
|---|---|---|---|
| 003 | 0 | ||
| 005 | 20230926092306.0 | ||
| 008 | 230926b xxu||||| |||| 00| 0 eng d | ||
| 020 | _a978-1-84931-132-8 | ||
| 050 |
_aPN 6013 _b.Au74 2017 |
||
| 100 | _aAusten, Jane | ||
| 245 |
_aPride and prejudice _cJane Austen |
||
| 260 |
_aEngland _bWorth Press Ltd. _cc2017. |
||
| 300 |
_alv, 347 pages ; _c22 cm. |
||
| 500 | _aEngland -- Fiction. | ||
| 650 | _aEngland -- Fiction. | ||
| 942 |
_2lcc _cBK |
||
| 999 |
_c365404 _d365404 |
||